Cena ľudského talentu Videli sme na televíznej obrazovke

Bibliographic Details
Main Author: Vrbická, Eva (Author)
Format: Article
Language:Slovak
Subjects:

MARC

LEADER 00000nab a2200000 a 4500
001 vtls000290258
003 SK-MaSNL
005 20260303205743.0
008 111201c1987 xo 0 slo
015 |a SNBRB19rr/mm-uuuuu 
035 |a CL0300377 
040 |a SNKBUCL  |b slo  |c SNKBUCL  |e AACR2 
041 0 |a slo 
044 |a xo  |c SK 
080 |a 7.097(437.6)  |2 1981 
100 1 |a Vrbická, Eva  |4 aut  |9 311417 
245 1 0 |a Cena ľudského talentu  |b Videli sme na televíznej obrazovke  |c Eva Vrbická ; Lev Nikolajevič Tolstoj, František Vláčil 
500 |a (Réžia František Vláčil.) 
610 2 7 |a Československá televízia  |2 snkbucl  |9 215938 
650 0 7 |a Albert (film)  |2 snkbucl  |9 979001 
651 7 |a 3100  |2 snkbucl  |9 920766 
655 7 |a články z novín a časopisov  |2 snkbucl  |9 267496 
773 0 |t Práca  |g Roč. 42, č. 217 (16. 9. 1987), s. 6 
850 |a Slovenská národná knižnica v Martine  |a MTA001 
852 |a SNK  |b KIS3GCP 
958 |a RK 
992 |a RBX 
999 |c 2196992  |d 2198922